Resistencias mundiales : de Seattle a Porto Alegre /

La ola neoliberal que recorre el mundo desde mediados de la década de los 80 del siglo XX, generadora de grandes desequilibrios económicos entre los sujetos, las regiones y los países, ha provocado una fuerte reacción mundial contra la globalización y contra un modelo económico que sólo favorece a u...

Πλήρης περιγραφή

Αποθηκεύτηκε σε:
Λεπτομέρειες βιβλιογραφικής εγγραφής
Κύριος συγγραφέας: Seoane, José (comp.)
Άλλοι συγγραφείς: Taddei, Emilio (compilación) (compilación)
Μορφή: Βιβλίο
Γλώσσα:Ισπανικά
Θέματα:
Ετικέτες: Προσθήκη ετικέτας
Δεν υπάρχουν, Καταχωρήστε ετικέτα πρώτοι!

MARC

LEADER 00000nam^a2200000^a^4500
001 000149380
005 20250521000000.0
009 20260310100057.452
020 |a 950-9231-60-6 
037 |a Acervo ITESO - Biblioteca 
041 |a ESP 
082 |a 320. 9  |b SEO 
100 |a Seoane, José  |e (comp.) 
245 1 0 |a Resistencias mundiales :  |b de Seattle a Porto Alegre /  |c Comp. de J. Seoane, E. Taddei. 
264 |a Buenos Aires, Argentina :  |b Consejo Latinoamericano de Ciencias Sociales,  |c 2001 
300 |a 207 p. 
336 |a texto  |b txt  |2 rdacontenido 
337 |a sin mediación  |b n  |2 rdamedio 
338 |a volumen  |b nc  |2 rdasoporte 
520 |a La ola neoliberal que recorre el mundo desde mediados de la década de los 80 del siglo XX, generadora de grandes desequilibrios económicos entre los sujetos, las regiones y los países, ha provocado una fuerte reacción mundial contra la globalización y contra un modelo económico que sólo favorece a unos pocos. La obra presente hace un análisis de esas movilizaciones, que han hecho "oír" su voz en diversas reuniones de los países desarrollados y convocaron en 2001, al primer Foro Social Mundial, realizado en Porto Alegre, Brasil. 
649 |a XX 
650 |a Globalización -  |x Historia y Crítica 
650 |a Neoliberalismo -  |x Historia y Crítica 
650 |a Capitalismo -  |x Historia y Crítica 
650 |a Imperialismo -  |x Historia y Crítica 
650 |a Igualdad y Desigualdad 
650 |a Política Económica 
650 |a Movimientos Políticos 
650 |a Movimientos Sociales 
650 |a Feminismo 
650 |a Izquierda, La 
650 |a Nuevo Orden Mundial 
650 |a Economía -  |x Historia -  |y 1990-1999 
650 |a Economía -  |x Historia -  |y 2000-2009 
650 |a Política -  |x Historia -  |y 1990-1999 
650 |a Política -  |x Historia -  |y 2000-2009 
700 |a Taddei, Emilio  |e (compilación) 
910 |a Fondo General 
920 |a Impresos - Libros 
930 |a Colección General 
905 |a 101 
901 |a 0500078783  |b IT1  |c ACC  |u 20250521 
902 |a https://opac.biblio.iteso.mx/vufind/Record/000149380